F1 Driver Records – Wins and Starts– HARD - Statistics

General Stats
  • This quiz has been taken 60 times
  • The average score is 112 of 220
Answer Stats
Group Rank Answer Hint Hint % Correct
Total Race Starts 1 Fernando Alonso 389
100%
Total Race Starts 2 Kimi Räikkönen 349
98%
Total Race Starts 3 Lewis Hamilton 344
98%
Total Race Starts 5 Michael Schumacher 306
98%
Total Race Starts 4 Rubens Barrichello 322
94%
Total Race Starts 7 Sebastian Vettel 299
94%
Total Race Starts 8 Sergio Pérez 269
94%
Total Race Starts 8 Felipe Massa 269
91%
Total Race Starts 5 Jenson Button 306
91%
Youngest drivers to start a race 1 Max Verstappen 17 years, 166 days 2015 Australian
87%
Youngest drivers to start a race 2 Lance Stroll 18 years, 148 days 2017 Australian
83%
Youngest drivers to start a race 4 Lando Norris 19 years, 124 days 2019 Australian
83%
Youngest drivers to start a race 3 Oliver Bearman 18 years, 305 days 2024 Saudi Arabian
83%
Total wins 7 Fernando Alonso 32 8.16%
74%
Most races with a single constructor 9 Kevin Magnussen 135 Haas 2017–2020, 2022–2024
74%
Most consecutive race starts 1 Lewis Hamilton 265 2007 Australian – 2020 Bahrain
74%
Most races with a single constructor 1 Lewis Hamilton 234 Mercedes 2013–2024
74%
Total wins 1 Lewis Hamilton 104 30.23%
74%
Most consecutive race starts 4 Max Verstappen 197 2015 Australian – 2024 British (ongoing)
74%
Most races with a single constructor 3 Max Verstappen 174 Red Bull 2016–2024
74%
Total wins 3 Max Verstappen 61 30.96%
74%
Most races with a single constructor 2 Michael Schumacher 179 Ferrari 1996–2006
74%
Most consecutive race starts 5 Valtteri Bottas 196 2015 Malaysian – 2024 British (ongoing)
74%
Most consecutive race starts 2 Daniel Ricciardo 232 2011 British – 2022 Abu Dhabi
72%
Youngest drivers to start a race 8 Fernando Alonso 19 years, 218 days 2001 Australian
72%
Most consecutive race starts 8 Fernando Alonso 176 2005 French – 2014 Abu Dhabi
72%
Most races with a single constructor 4 Kimi Räikkönen 151 Ferrari 2007–2009, 2014–2018
72%
Most consecutive wins 1 Max Verstappen 10 Miami – Italian
72%
Most consecutive wins 2 Max Verstappen 9 2023 Japanese – 2024 Saudi Arabian
72%
Total wins 2 Michael Schumacher 91 29.55%
72%
Most races with a single constructor 8 Nico Rosberg 136 Mercedes 2010–2016
72%
Total wins 4 Sebastian Vettel 53 17.67%
72%
Total wins 5 Alain Prost 51 25.25%
70%
Total wins 6 Ayrton Senna 41 25.31%
70%
Most races with a single constructor 6 Felipe Massa 139 Ferrari 2006–2013
70%
Most wins in a season 5 Lewis Hamilton 11 19
70%
Most wins in a season 5 Lewis Hamilton 11 21
70%
Most wins in a season 5 Lewis Hamilton 11 21
70%
Most wins in a season 5 Lewis Hamilton 11 17
70%
Highest % of wins in a season 8 Lewis Hamilton 64.71% 2020
70%
Most wins in a season 1 Max Verstappen 19 22
70%
Most wins in a season 2 Max Verstappen 15 22
70%
Highest % of wins in a season 1 Max Verstappen 86.36% 2023
70%
Highest % of wins in a season 6 Max Verstappen 68.18% 2022
70%
Most races with a single constructor 10 Mika Häkkinen 131 McLaren 1993–2001
70%
Most consecutive race starts 3 Nico Rosberg 206 2006 Bahrain – 2016 Abu Dhabi
70%
Most consecutive wins 2 Sebastian Vettel 9 Belgian – Brazilian
70%
Most consecutive race starts 7 Jenson Button 179 2005 French – 2015 Chinese
68%
Percentage wins (at least 15 starts) 5 Lewis Hamilton 30.23% 344
68%
Most wins in first championship season 1 Lewis Hamilton 4 2007
68%
Percentage wins (at least 15 starts) 4 Max Verstappen 30.96% 197
68%
Most wins in a season 3 Michael Schumacher 13 18
68%
Most wins in a season 5 Michael Schumacher 11 17
68%
Highest % of wins in a season 3 Michael Schumacher 72.22% 2004
68%
Most consecutive wins 4 Michael Schumacher 7 European – Hungarian
68%
Most consecutive wins 7 Michael Schumacher 6 2000 Italian – 2001 Malaysian
68%
Most consecutive race starts 10 Rubens Barrichello 167 2002 German – 2011 Brazilian
68%
Most wins in a season 3 Sebastian Vettel 13 19
68%
Most wins in a season 5 Sebastian Vettel 11 19
68%
Highest % of wins in a season 5 Sebastian Vettel 68.42% 2013
68%
Most consecutive wins 4 Alberto Ascari 7 1952 Belgian – 1953 Argentine[N 4]
66%
Most wins in first championship season 1 Jacques Villeneuve 4 1996
66%
Most races with a single constructor 7 Jenson Button 136 McLaren 2010–2017
66%
Highest % of wins in a season 7 Juan Manuel Fangio 66.67% 1954
66%
Most wins in first championship season 3 Juan Manuel Fangio 3 1950
66%
Most consecutive wins 8 Lewis Hamilton 5 Italian – United States
66%
Most consecutive wins 8 Lewis Hamilton 5 Eifel – Bahrain
66%
Most consecutive wins 8 Max Verstappen 5 French – Italian
66%
Youngest winners 1 Max Verstappen 18 years, 228 days 2016 Spanish
66%
Percentage wins (at least 15 starts) 6 Michael Schumacher 29.74% 306
66%
Highest % of wins in a season 8 Michael Schumacher 64.71% 2002
66%
Most consecutive wins 4 Nico Rosberg 7 2015 Mexican – 2016 Russian
66%
Percentage wins (at least 15 starts) 8 Alain Prost 25.63% 199
64%
Percentage wins (at least 15 starts) 2 Alberto Ascari 40.63% 32[N 2]
64%
Highest % of wins in a season 2 Alberto Ascari 75.00% 1952
64%
Percentage wins (at least 15 starts) 9 Ayrton Senna 25.47% 161
64%
Most races before first win 2 Carlos Sainz Jr. 150th race 2022 British
64%
Youngest winners 3 Charles Leclerc 21 years, 320 days 2019 Belgian
64%
Most races with a single constructor 5 David Coulthard 150 McLaren 1996–2004
64%
Youngest winners 4 Fernando Alonso 22 years, 26 days 2003 Hungarian
64%
Percentage wins (at least 15 starts) 1 Juan Manuel Fangio 47.06% 51[N 1]
64%
Youngest winners 7 Lewis Hamilton 22 years, 154 days 2007 Canadian
64%
Most consecutive wins 8 Michael Schumacher 5 Australian – Spanish
64%
Total wins 10 Niki Lauda 25 14.12%
64%
Youngest winners 2 Sebastian Vettel 21 years, 73 days 2008 Italian
64%
Most races before first win 1 Sergio Pérez 190th race 2020 Sakhir
64%
Youngest winners 8 Kimi Räikkönen 23 years, 157 days 2003 Malaysian
62%
Most races before first win 9 Lando Norris 110th race 2024 Miami
62%
Most races without a win 1 Nico Hülkenberg 215 races 4th
62%
Youngest drivers to start a race 10 Daniil Kvyat 19 years, 324 days 2014 Australian
60%
Most wins in first championship season 3 Giuseppe Farina 3 1950
60%
Most races before first win 3 Mark Webber 130th race 2009 German
60%
Total wins 8 Nigel Mansell 31 16.15%
60%
Most consecutive race starts 9 David Coulthard 175 1995 Brazilian – 2005 Canadian
57%
Total wins 9 Jackie Stewart 27 27.00%
57%
Most races before first win 6 Jenson Button 113th race 2006 Hungarian
57%
Highest % of wins in a season 4 Jim Clark 70.00% 1963
57%
Highest % of wins in a season 10 Jim Clark 60.00% 1965
57%
Most races before first win 10 Mika Häkkinen 96th race 1997 European
57%
Total Race Starts 10 Riccardo Patrese 259
57%
Most races before first win 4 Rubens Barrichello 123rd race 2000 German
57%
Wins from farthest back on the starting grid 8 Fernando Alonso 15th 2008 Singapore [N 8]
55%
Most races without a win 5 Kevin Magnussen 175 races 2nd
55%
Youngest winners 9 Robert Kubica 23 years, 184 days 2008 Canadian
55%
Total wins 10 Jim Clark 25 34.25%
53%
Percentage wins (at least 15 starts) 3 Jim Clark 34.72% 72
53%
Most races without a win 8 Lance Stroll 155 races 3rd
53%
Wins from farthest back on the starting grid 9 Lewis Hamilton 14th 2018 German
53%
Wins from farthest back on the starting grid 9 Max Verstappen 14th 2022 Belgian
53%
Most races before first win 7 Nico Rosberg 111th race 2012 Chinese
53%
Most consecutive wins 8 Jack Brabham 5 Dutch – Portuguese
51%
Most consecutive wins 8 Jim Clark 5 Belgian – German
51%
Most wins at the same Grand Prix 1 Lewis Hamilton British 08, '14, '15, '16, '17, '19, '20, '21, '24
51%
Most wins at the same Grand Prix 2 Lewis Hamilton Hungarian 07, '09, '12, '13, '16, '18, '19, '20
51%
Most wins at the same Grand Prix 4 Lewis Hamilton Canadian 07, '10, '12, '15, '16, '17, '19
51%
Most wins at the same Grand Prix 7 Lewis Hamilton United States 07, '12, '14, '15, '17, '19
51%
Most wins at the same Grand Prix 7 Lewis Hamilton Chinese 08, '11, '14, '15, '17, '19
51%
Most wins at the same Grand Prix 7 Lewis Hamilton Spanish 14, '17, '18, '19, '20, '21
51%
Most consecutive wins at the same Grand Prix 1 Lewis Hamilton 5 Spanish 2017–2021
51%
Most consecutive wins at the same Grand Prix 3 Lewis Hamilton 4 British 2014–2017
51%
Most consecutive wins 8 Nigel Mansell 5 South African – San Marino
51%
Most wins at the same Grand Prix 7 Alain Prost Brazilian 82, '84, '85, '87, '88, '90
49%
Most wins at the same Grand Prix 7 Alain Prost French 81, '83, '88, '89, '90, '93
49%
Most wins at the same Grand Prix 7 Ayrton Senna Monaco 87, '89, '90, '91, '92, '93
49%
Most consecutive wins at the same Grand Prix 1 Ayrton Senna 5 Monaco 1989–1993
49%
Most consecutive wins at the same Grand Prix 3 Juan Manuel Fangio 4 Argentine 1954–1957
49%
Most wins in first championship season 5 Juan Pablo Montoya 1 2001
49%
Wins from farthest back on the starting grid 4 Kimi Räikkönen 17th 2005 Japanese
49%
Most consecutive wins at the same Grand Prix 3 Lewis Hamilton 4 United States 2014–2017
49%
Most consecutive wins at the same Grand Prix 3 Max Verstappen 4 Abu Dhabi 2020–2023 (ongoing)
49%
Most wins at the same Grand Prix 2 Michael Schumacher French 94, '95, '97, '98, '01, '02, '04, '06
49%
Most wins at the same Grand Prix 4 Michael Schumacher Canadian 94, '97, '98, '00, '02, '03, '04
49%
Most wins at the same Grand Prix 4 Michael Schumacher San Marino 94, '99, '00, '02, '03, '04, '06
49%
Most wins at the same Grand Prix 7 Michael Schumacher Belgian 92, '95, '96, '97, '01, '02
49%
Most wins at the same Grand Prix 7 Michael Schumacher Spanish 95, '96, '01, '02, '03, '04
49%
Most wins at the same Grand Prix 7 Michael Schumacher Japanese 95, '97, '00, '01, '02, '04
49%
Most wins at the same Grand Prix 7 Michael Schumacher European 94, '95, '00, '01, '04, '06
49%
Wins from farthest back on the starting grid 3 Rubens Barrichello 18th 2000 German
49%
Most consecutive wins at the same Grand Prix 3 Ayrton Senna 4 Belgian 1988–1991
47%
Percentage wins (at least 15 starts) 7 Jackie Stewart 27.27% 99
47%
Youngest winners 10 Jacky Ickx 23 years, 188 days 1968 French
47%
Most consecutive seasons with a win 1 Lewis Hamilton 15 2007–2021
47%
Most consecutive seasons with a win 4 Max Verstappen 9 2016–2024 (ongoing)
47%
Most consecutive wins at the same Grand Prix 3 Michael Schumacher 4 Spanish 2001–2004
47%
Most consecutive wins at the same Grand Prix 3 Michael Schumacher 4 United States 2003–2006
47%
Most consecutive race starts 6 Riccardo Patrese 187 1982 Belgian – 1993 Australian
47%
Most wins without a World Championship 6 Valtteri Bottas 10
47%
Most consecutive seasons with a win 3 Alain Prost 10 1981–1990
45%
Most consecutive seasons with a win 4 Ayrton Senna 9 1985–1993
45%
Most wins without a World Championship 10 Daniel Ricciardo 8
45%
Most consecutive wins at the same Grand Prix 3 Jim Clark 4 Belgian 1962–1965
45%
Most consecutive wins at the same Grand Prix 3 Jim Clark 4 British 1962–1965
45%
Wins from farthest back on the starting grid 6 Michael Schumacher 16th 1995 Belgian
45%
Most consecutive seasons with a win 1 Michael Schumacher 15 1992–2006
45%
Most wins in first championship season 5 Emerson Fittipaldi 1 1970
43%
Most wins without a World Championship 4 Felipe Massa 11
43%
Most races before first win 8 Giancarlo Fisichella 110th race 2003 Brazilian
43%
Most races before first win 5 Jarno Trulli 117th race 2004 Monaco
43%
Wins from farthest back on the starting grid 9 Jenson Button 14th 2006 Hungarian
43%
Most consecutive seasons with a win 6 Nelson Piquet 8 1980–1987
43%
Oldest winners 7 Nigel Mansell 41 years, 97 days 1994 Australian
43%
Most consecutive seasons with a win 10 Sebastian Vettel 6 2008–2013
43%
Most wins without a World Championship 10 Jacky Ickx 8
40%
Oldest winners 3 Juan Manuel Fangio 46 years, 41 days 1957 German
40%
Most consecutive seasons with a win 7 David Coulthard 7 1997–2003
38%
Oldest winners 5 Jack Brabham 43 years, 339 days 1970 South African
38%
Most wins without a World Championship 9 Mark Webber 9
38%
Most wins without a World Championship 2 David Coulthard 13
36%
Most consecutive seasons with a win 7 Jim Clark 7 1962–1968
36%
Youngest drivers to start a race 7 Ricardo Rodríguez 19 years, 208 days 1961 Italian
36%
Most wins without a World Championship 4 Rubens Barrichello 11
34%
Most wins in first championship season 5 Jackie Stewart 1 1965
32%
Most consecutive seasons with a win 7 Stirling Moss 7 1955–1961
32%
Youngest winners 6 Bruce McLaren 22 years, 104 days 1959 United States
30%
Most wins without a World Championship 6 Gerhard Berger 10
30%
Most consecutive seasons with a win 10 Jackie Stewart 6 1968–1973
30%
Oldest drivers to start a race 1 Louis Chiron 55 years, 292 days 1955 Monaco
30%
Wins from farthest back on the starting grid 9 Olivier Panis 14th 1996 Monaco
30%
Most wins without a World Championship 6 Ronnie Peterson 10
30%
Percentage wins (at least 15 starts) 10 Stirling Moss 24.24% 66
30%
Wins from farthest back on the starting grid 9 Alan Jones 14th 1977 Austrian
28%
Most wins without a World Championship 3 Carlos Reutemann 12
28%
Most wins in first championship season 5 Clay Regazzoni 1 1970
28%
Wins from farthest back on the starting grid 6 Jackie Stewart 16th 1973 South African
28%
Most wins without a World Championship 1 Stirling Moss 16
28%
Oldest winners 2 Giuseppe Farina 46 years, 276 days 1953 German
26%
Oldest winners 10 Graham Hill 40 years, 92 days 1969 Monaco
26%
Oldest drivers to start a race 4 Luigi Fagioli 53 years, 22 days 1951 French
26%
Most races without a win 3 Nick Heidfeld 183 races 2nd
26%
Wins from farthest back on the starting grid 9 Johnny Herbert 14th 1999 European
21%
Most races without a win 4 Romain Grosjean 179 races 2nd
21%
Youngest drivers to start a race 5 Jaime Alguersuari 19 years, 125 days 2009 Hungarian
19%
Wins from farthest back on the starting grid 1 John Watson 22nd 1983 United States West
19%
Oldest winners 1 Luigi Fagioli 53 years, 22 days 1951 French
19%
Most races without a win 2 Andrea de Cesaris 208 races 2nd
15%
Wins from farthest back on the starting grid 2 Bill Vukovich 19th 1954 Indianapolis 500
13%
Wins from farthest back on the starting grid 4 John Watson 17th 1982 Detroit
13%
Oldest winners 4 Piero Taruffi 45 years, 219 days 1952 Swiss
13%
Youngest drivers to start a race 10 Chris Amon 19 years, 324 days 1963 Belgian
11%
Youngest drivers to start a race 9 Esteban Tuero 19 years, 320 days 1998 Australian
11%
Most races without a win 6 Martin Brundle 158 races 2nd
11%
Most wins in first championship season 5 Johnnie Parsons 1 1950
9%
Oldest winners 9 Maurice Trintignant 40 years, 200 days 1958 Monaco
9%
Youngest winners 5 Troy Ruttman 22 years, 80 days 1952 Indianapolis 500[N 1]
9%
Most races without a win 7 Derek Warwick 147 races 2nd
6%
Most wins in first championship season 5 Giancarlo Baghetti 1 1961
6%
Youngest drivers to start a race 6 Mike Thackwell 19 years, 182 days 1980 Canadian
6%
Oldest drivers to start a race 2 Philippe Étancelin 55 years, 191 days 1952 French
6%
Oldest winners 6 Sam Hanks 42 years, 321 days 1957 Indianapolis 500[N 1]
6%
Oldest drivers to start a race 5 Adolf Brudes 52 years, 293 days 1952 German
4%
Oldest drivers to start a race 7 Bill Aston 52 years, 127 days 1952 German
4%
Most races without a win 10 Eddie Cheever 132 races 2nd
4%
Oldest drivers to start a race 6 Hans Stuck 52 years, 260 days 1953 Italian
4%
Most races without a win 9 Jean-Pierre Jarier 134 races 3rd
4%
Oldest drivers to start a race 10 Rudolf Schoeller 50 years, 98 days 1952 German
4%
Oldest drivers to start a race 3 Arthur Legat 54 years, 232 days 1953 Belgian
2%
Oldest drivers to start a race 8 Clemente Biondetti 52 years, 16 days 1950 Italian
2%
Oldest winners 8 Lee Wallard 40 years, 264 days 1951 Indianapolis 500[N 1]
2%
Oldest drivers to start a race 9 Louis Rosier 50 years, 274 days 1956 German
2%
Wins from farthest back on the starting grid 9 Bob Sweikert 14th 1955 Indianapolis 500
0%
No matching quizzes found
Score Distribution
Percent of People with Each Score
Percentile by Number Answered
Your Score History
You have not taken this quiz